00569nam a2200217 a 4500001001300000003000900013005001700022008004100039020002300080082001800103100001700121245004900138260003800187300000900225500003500234505001000269650001900279650001900298650001700317700001700334nice12345678IN_TiNIC20260116013113.0050524s1977 oxfa grp 000 0 eng  a0631809 c10000a262.0017bBAK aBaker, Derek aRenaissance and Renewal in Christian History aOxfordbBlackwell Pub. Ltd c1977 a428p aincludes index and biblioraphy2 aIndex aChurch-History aChurch-Renewal aChristianity1 aBaker, Derek